Understanding the European Union / (Record no. 13278)
[ view plain ]
| 000 -LEADER | |
|---|---|
| fixed length control field | 01094cam a2200301 a 4500 |
| 001 - CONTROL NUMBER | |
| control field | 12337422 |
| 005 - DATE AND TIME OF LATEST TRANSACTION | |
| control field | 20050408183523.0 |
| 008 - FIXED-LENGTH DATA ELEMENTS--GENERAL INFORMATION | |
| fixed length control field | 010307s2001 enka | b 001 0 eng d |
| 010 ## - LIBRARY OF CONGRESS CONTROL NUMBER | |
| LC control number | 2001267050 |
| 015 ## - NATIONAL BIBLIOGRAPHY NUMBER | |
| National bibliography number | b98V5238 |
| 020 ## - INTERNATIONAL STANDARD BOOK NUMBER | |
| International Standard Book Number | 0130208388 |
| 035 ## - SYSTEM CONTROL NUMBER | |
| System control number | (OCoLC)ocm44831291 |
| 040 ## - CATALOGING SOURCE | |
| Original cataloging agency | EQO |
| Transcribing agency | EQO |
| Modifying agency | DGU |
| -- | DLC |
| 042 ## - AUTHENTICATION CODE | |
| Authentication code | lccopycat |
| 043 ## - GEOGRAPHIC AREA CODE | |
| Geographic area code | e------ |
| 050 00 - LIBRARY OF CONGRESS CALL NUMBER | |
| Classification number | JN30 |
| Item number | .N535 2001 |
| 082 00 - DEWEY DECIMAL CLASSIFICATION NUMBER | |
| Classification number | 341.2422 |
| Edition number | 21 |
| Item number | NIC |
| 100 1# - MAIN ENTRY--PERSONAL NAME | |
| Personal name | Nicoll, William. |
| 9 (RLIN) | 10953 |
| 245 10 - TITLE STATEMENT | |
| Title | Understanding the European Union / |
| Statement of responsibility, etc | Sir William Nicoll, Trevor C. Salmon. |
| 260 ## - PUBLICATION, DISTRIBUTION, ETC. (IMPRINT) | |
| Place of publication, distribution, etc | Harlow, England : |
| Name of publisher, distributor, etc | Longman, |
| Date of publication, distribution, etc | c2001. |
| 300 ## - PHYSICAL DESCRIPTION | |
| Extent | xxi, 572 p. : |
| Other physical details | ill. map ; |
| Dimensions | 24 cm. |
| 504 ## - BIBLIOGRAPHY, ETC. NOTE | |
| Bibliography, etc | Includes bibliographical references and index. |
| 610 20 - SUBJECT ADDED ENTRY--CORPORATE NAME | |
| Corporate name or jurisdiction name as entry element | European Union. |
| 9 (RLIN) | 10954 |
| 700 1# - ADDED ENTRY--PERSONAL NAME | |
| Personal name | Salmon, Trevor C. |
| 9 (RLIN) | 10955 |
| 942 ## - ADDED ENTRY ELEMENTS (KOHA) | |
| Source of classification or shelving scheme | Dewey Decimal Classification |
| Item type | Book - Borrowing |
| Withdrawn status | Item status | Source of classification or shelving scheme | Damaged status | Not for loan | Vendor | Home library | Current library | Shelving location | Date acquired | Source of acquisition | Total Checkouts | Total Renewals | Full call number | Barcode | Date last seen | Date last borrowed | Koha item type | Public note |
|---|---|---|---|---|---|---|---|---|---|---|---|---|---|---|---|---|---|---|
| Dewey Decimal Classification | Donation-Gift | Central Library | Central Library | First floor | 04/02/2010 | Donation | 8 | 49 | 341.2422 NIC | 000019125 | 24/11/2025 | 17/10/2024 | Book - Borrowing | Donated by : Dr. Bassem Ahmed |